| 000 | 00000nam##2200000za#4500 |
| 001 | 9.571490 |
| 003 | CaOODSP |
| 005 | 20210624182741 |
| 007 | cr ||||||||||| |
| 008 | 150406|2005||||xxc|||||o f|0| 0 eng|d |
| 040 | |aCaOODSP|beng |
| 043 | |an-cn--- |
| 086 | 1 |aTU3-5/05-32E-PDF |
| 110 | 2 |aTransportation Safety Board of Canada. |
| 245 | 10|aDifficulty to control - Gateway Helicopters Ltd., Bell 204B C-GRGY, Sudbury, Ontario, 10 July 2005 |h[electronic resource] |
| 260 | |aGatineau - Quebec : |bTransportation Safety Board of Canada |c[2006]. |
| 300 | |a6p.|bphotographs |
| 490 | 1 |aAviation investigation report |vA05O0142 |
| 500 | |a"The Board authorized the release of this report on 27 September 2006."--Page 6 of 6. |
| 590 | |a12-20-Supp|b2012-05-09 |
| 775 | 08|tMaîtrise difficile - du Bell 204B C-GRGY exploité par Gateway Helicopters Ltd., à Sudbury (Ontario), le 10 juillet 2005 |w(CaOODSP)9.602082 |
| 830 | #0|aAviation investigation report ;|vA05O0142|w(CaOODSP)9.504825 |
| 856 | 40|ahttp://publications.gc.ca|qPDF|s190 KB|uhttps://publications.gc.ca/collections/collection_2011/bst-tsb/TU3-5-05-32-eng.pdf|yA05O0142 |